| 000 | 01206cam a2200385 i 4500 | ||
|---|---|---|---|
| 001 | 18526112 | ||
| 008 | 150313s2015 enkab b 100 0 eng | ||
| 010 | _a 2015001452 | ||
| 020 | _a9781782977742 (hardcover edition) | ||
| 020 | _z9781782977759 (digital) | ||
| 040 |
_aDLC _beng _cDLC _erda _dDLC |
||
| 050 | 0 | 0 |
_aTP850 _bGLA |
| 245 | 0 | 0 |
_aGlass of the Roman world / _cedited by Justine Bayley, Ian Freestone and Caroline Jackson. |
| 264 | 1 |
_aOxford ; _aPhiladelphia : _bOxbow Books, _c2015. |
|
| 300 |
_axxvi, 204 pages : _billustrations, maps ; _c29 cm |
||
| 336 |
_atext _btxt |
||
| 336 | _astill image | ||
| 337 |
_aunmediated _bn |
||
| 338 | _2rdacarrier | ||
| 650 | 0 | _aGlass | |
| 650 | 0 | _aGlass manufacture | |
| 650 | 0 | _aGlassware, Roman | |
| 650 | 0 | _aGlassware industry | |
| 650 | 0 | _aMaterial culture | |
| 651 | 0 | _aRome | |
| 651 | 0 | _aRome | |
| 651 | 0 | _aRome | |
| 651 | 0 | _aRome | |
| 942 | _cOS | ||
| 999 |
_c44521 _d44521 |
||